| 000 | 00603cam a2200145 4500500 | ||
|---|---|---|---|
| 005 | 20251228073713.0 | ||
| 041 | _afre | ||
| 042 | _adc | ||
| 100 | 1 | 0 |
_aMaurin, Louis _eauthor |
| 245 | 0 | 0 | _aBaratte François éd., Le voyage en Tunisie de R. Cagnat et H. Saladin (Éditions du CTHS, Format, 56), Paris, Éditions du CTHS, 2005, 1 vol. 12 × 18,5, 558 p., fig. ds t. |
| 260 | _c2006. | ||
| 500 | _a34 | ||
| 786 | 0 | _nRevue archéologique | 41 | 1 | 2006-03-01 | p. 167m-188m | 0035-0737 | |
| 856 | 4 | 1 | _uhttps://shs.cairn.info/revue-archeologique-2006-1-page-167m?lang=fr&redirect-ssocas=7080 |
| 999 |
_c1595760 _d1595760 |
||